Electronic navigational equipment and its impact on the ship's safety : ; διπλωματική εργασία
Αποθηκεύτηκε σε:
| Κύριος συγγραφέας: | |
|---|---|
| Συγγραφή απο Οργανισμό/Αρχή: | |
| Άλλοι συγγραφείς: | |
| Μορφή: | Thesis Βιβλίο |
| Γλώσσα: | English |
| Δημοσίευση: |
Χίος :
Πανεπιστήμιο Αιγαίου, Τμήμα Ναυτιλίας και Επιχειρηματικών Υπηρεσίων,
2009
|
| Θέματα: | |
| Διαθέσιμο Online: | http://hdl.handle.net/11610/12890 |
| Ετικέτες: |
Προσθήκη ετικέτας
Δεν υπάρχουν, Καταχωρήστε ετικέτα πρώτοι!
|
MARC
| LEADER | 00000cam a2200000 i 4500 | ||
|---|---|---|---|
| 001 | 1/6948 | ||
| 008 | 100427s2009 eng d | ||
| 035 | |l 10107690 | ||
| 040 | |a GR-MY-UA |b gre |e aacr | ||
| 041 | 0 | |a eng | |
| 082 | 0 | |a 623.893 |2 (22) | |
| 100 | 1 | |a Παρασύρης, Γρήγοριος. | |
| 245 | 1 | 0 | |a Electronic navigational equipment and its impact on the ship's safety : |b ; διπλωματική εργασία / |c Παρασύρης Γρηγόριος ; επιβλέπων Νικητάκος Νικήτας |
| 260 | |a Χίος : |b Πανεπιστήμιο Αιγαίου, Τμήμα Ναυτιλίας και Επιχειρηματικών Υπηρεσίων, |c 2009 | ||
| 300 | |a 108 σ.; |c 30 εκ. | ||
| 502 | |a Διατριβή (μεταπτυχιακή) – Πανεπιστήμιο Αιγαίου, Χίος, 2009. | ||
| 504 | |a Βιβλιογραφία: σ. 94 - 98 | ||
| 650 | 0 | 0 | |a Electronics in navigation. |
| 650 | 0 | 0 | |a Navigation |x Safety measures. |
| 650 | 0 | 0 | |a Dissertations, Academic |z Greece. |
| 700 | 1 | |4 ths |a Νικητάκος, Νικήτας. | |
| 710 | 1 | |a Πανεπιστήμιο Αιγαίου |b Σχολή Επιστημών της Διοίκησης |b Τμήμα Ναυτιλίας και Επιχειρηματικών Υπηρεσιών |b Πρόγραμμα Μεταπτυχιακών Σπουδών "Ναυτιλία, Μεταφορές και Διεθνές Εμπόριο - ΝΑ.Μ.Ε.". | |
| 852 | |a INST |b CHIOS |c DIATR |e 20100427 |h 623.893 ΠΑΡ |p 005200029398 |q 005200029398 |t MTXE |y 23 | ||
| 852 | |a INST |b CHIOS |c DIATR |e 20100427 |h 623.893 ΠΑΡ |p 005200029399 |q 005200029399 |t MTXE |y 23 | ||
| 856 | |u http://hdl.handle.net/11610/12890 | ||
| 901 | |a BIBL2-2010-1 | ||
| 909 | |a Χ |b 148225 | ||
| 909 | |a Χ |b 148226 | ||
| 924 | |a ΠΑΡΑΣΥΡΗΣ |b ΓΡΗΓΟΡΗΣ |y ΧΙΟΣ |z 2009-11 | ||
| 970 | |a ΔΕΣΠΟΙΝΑ |b ΑΤΣΑΛΗ |z 2010/04/27 | ||